Raumfahrt Quiz - Statistiken

Allgemein
  • Dieses Quiz wurde 131 mal gespielt
  • Das Durchschnittsergebnis liegt bei 6 aus 11
Antwortstatistiken
Hint Antwort % Korrekt
Erster Mensch auf dem Mond? Neil Armstrong
97%
Erster Mensch im Weltall? Juri Gagarin
82%
Name des erstes Lebewesen im Weltall? Laika
78%
Wieviele Menschen waren schon auf dem Mond? 12
72%
Zweiter Mensch auf dem Mond? Edwin Eugene „Buzz“ Aldrin Jr
70%
Name der Mondlandefähre bei Apollo 11? Eagle
52%
Name der Rakete die diese zum Mond brachte? Saturn V
50%
Durchschnittliche Höhe der ISS in Kilometer? 400
45%
Erster Deutscher im Weltall? Sigmund Jähn
39%
In welcher Region startet die ESA ihre Raketen? Französisch-Guyana
28%
Letzter Mensch auf dem Mond? Eugene Andrew „Gene“ Cernan
14%
Keine übereinstimmenden Quizze gefunden
Verteilung der Resultate
Anzahl Personen mit jedem Resultat
Perzentil nach korrekt beantworteten Fragen
Ihre Resultats-Entwicklung
Sie haben dieses Quiz noch nicht gespielt